000 00653nam a22001937a 4500
999 _c165728
_d165728
005 20190628114744.0
010 _aUR-10264
020 _c250.00
_a9789388736305
035 _aU-8819
037 _bDBAD/PUB
082 _a844
100 _aيا سمين ا ختر
245 _aتبصر ہ و تا ثر ا ت
_cيا سمين ا ختر
246 _bTabsara-o-Tasuraat (Urdu)
_aby Yasmin Akhtar
260 _a Delhi
_bEducational Publishing House
_c2018 ء
270 _a3191،Vakil Street,Kucha Pandit,Lal Kuan,
_bDelhi
_e110006
_k23216162
_l00911123211540
300 _a128ص
_c22 Cm(Hb)
942 _2ddc
_cUR
_h844
_mی ا س